000 00990nac a22002897a 4500
001 BR2019000628
003 BR-BrBNA
005 20240105124055.0
008 230509b bl.|||m| |||| 00| 0 por d
040 _aBR-BrBNA
_bpor
_cBiblioteca Nacional de Agricultura
072 _aD50
090 _aD50 BR2019000628
110 1 _aMinistério da Justiça, Brasília, DF (Brasil). Secretaria de Assuntos Legislativos
_97433
245 1 _aMecanismos jurídicos para a modernização e transparência da gestão pública
_bv. 2
260 3 _aBrasília, DF (Brasil):
_c2013.
300 _a329 p.
490 _aSérie Pensando o Direito (Brazil)
_vno. 49
_x2175-5760
500 _aIncludes several bibliographies; 2 illus.; 32 tables; 94 graphs
650 _aDIREITO ADMINISTRATIVO
650 _aGESTÃO
650 _aCONTRATO
650 _aCOMPRA
650 _aPOLÍTICA SOCIAL
650 _aMODERNIZAÇÃO
909 _a202312
_bLúcia Elande
_c55
_dLúcia Elande
942 _2AGRIS
_n0
_cMS
999 _c298256
_d298256